| 000 | 02497nam a2200373 a 4500 | ||
|---|---|---|---|
| 001 | eep9781848442979 | ||
| 003 | DLC | ||
| 005 | 20210215104230.0 | ||
| 006 | m o d | ||
| 007 | cr un||||||||| | ||
| 008 | 080422s2008 enk ob 001 0 eng d | ||
| 010 | _a 2008927702 | ||
| 020 | _a9781848442979 (e-book) | ||
| 040 |
_aDLC _cDLC |
||
| 043 | _ad------ | ||
| 050 | 4 |
_aK3171 _b.T74 2008 |
|
| 100 | 1 | _aTrebilcock, M. J. | |
| 245 | 1 | 0 |
_aRule of law reform and development _h[electronic resource] : _bcharting the fragile path of progress / _cMichael J. Trebilcock and Ronald J. Daniels. |
| 260 |
_aCheltenham ; _aNorthampton, Mass. : _bEdward Elgar, _c2008. |
||
| 300 | _a1 online resource (vi, 372 p.) | ||
| 504 | _aIncludes bibliographical references and index. | ||
| 505 | 0 | _a1. The relationship of the rule of law to development -- 2. The judiciary -- 3. Police -- 4. Prosecution -- 5. Correctional institutions -- 6. Tax administration -- 7. Access to justice -- 8. Legal education -- 9. Professional regulation -- 10. Rethinking rule of law reform strategies. | |
| 520 | _aThis important book addresses a number of key issues regarding the relationship between the rule of law and development. It presents a deep and insightful inquiry into the current orthodoxy that the rule of law is the panacea for the world's problems. The authors chart the precarious progress of law reforms both in overall terms and in specific policy areas such as the judiciary, the police, tax administration and access to justice, among others. They accept that the rule of law is necessarily tied to the success of development, although they propose a set of procedural values to enlighten this institutional approach. The authors also recognize that states face difficulties in implementing this institutional structures and identify the probable impediments, before proposing a rethink of law reform strategies and offering some conclusions about the role of the international community in the rule of law reform. | ||
| 650 | 0 | _aRule of law. | |
| 650 | 0 | _aLaw reform. | |
| 650 | 0 | _aLaw and economic development. | |
| 650 | 0 |
_aRule of law _zDeveloping countries. |
|
| 650 | 0 |
_aLaw reform _zDeveloping countries. |
|
| 655 | 7 |
_aElectronic books. _2lcsh |
|
| 700 | 1 |
_aDaniels, Ronald J. _q(Ronald Joel), _d1959- |
|
| 710 | 2 | _aEdward Elgar Publishing. | |
| 776 | 1 |
_z9781847207548 (hardback) _z9781848447103 (pbk.) _z1847207545 |
|
| 856 | 4 | 0 | _uhttps://www.elgaronline.com/view/9781847207548.xml |
| 999 |
_c29054 _d29054 |
||